000 00745nam a2200241Ia 4500
003 OSt
005 20250203165439.0
008 210210b2019 xxu||||| |||| 00| 0 eng d
020 _a9788189187644
040 _cAL
041 _ahin
082 _aH891.9 DESH
100 _aDESHPANDE (Kalpana Vinayak)
_9197320
110 _bदेशपांडे (कल्पना विनायक)
_9197328
245 _aHindi ka vaishvik paridrashya:
_bहिंदी का वैश्विक परिद्रश्य
260 _aKanpur
_b-
_c2019
300 _a339
650 _avaishvik
_9197335
690 _aHindi Criticism
_9197339
700 _aSHORIKAR (Anandrav Devendrappa) Ed
_9197340
906 _a073658
942 _2ddc
_cBK
999 _c123411
_d123411